| 000 | 00722cab a22001935a 4500 | ||
|---|---|---|---|
| 001 | L140090 | ||
| 008 | 070904s2007 xxk f 000 0 eng d | ||
| 035 | _a(Sirsi) u140090 | ||
| 041 | 0 | _aeng | |
| 100 | 1 | _aVandell, Kerry D. | |
| 245 | 0 | 0 |
_aExpanding the academic discipline of real estate valuation _ba historical perspective with implications for the future |
| 260 | _c2007 | ||
| 490 | 0 |
_aJournal of Property Investment and Finance _v25(5) 2007, 427-443(17) |
|
| 520 | _aTraces the evolution of the theory and practice of valuation of real estate interests. Identifies implications for the future. | ||
| 590 | _aka | ||
| 651 | 4 | _aInternational | |
| 690 | _aPROPERTY-PROPERTY APPRAISAL AND VALUATION | ||
| 942 | _n0 | ||
| 999 |
_c79188 _d79188 |
||